|
|
|
|
| LEADER |
00000naa a2200000uu 4500 |
| 001 |
vtls010959173 |
| 003 |
SK-MaSNL |
| 005 |
20260302132027.0 |
| 008 |
210910|1997 xo |||||||||||||||||eng| |
| 015 |
|
|
|a SNBRA
|
| 035 |
|
|
|a (urnnbn)urn:nbn:sk:snk:ar-a0bqbu
|
| 035 |
|
|
|a (uuid)e70f5483-f38e-45ce-aed4-ba789f598146
|
| 035 |
|
|
|a urn:nbn:sk:snk-aaui15
|
| 040 |
|
|
|a SNKBUCL
|b slo
|c SNKBUCL
|e AACR2
|
| 041 |
0 |
|
|a eng
|
| 044 |
|
|
|a xo
|c SK
|
| 100 |
1 |
|
|a Popardovský, Vladimír,
|d 1970-
|4 aut
|9 173924
|
| 245 |
1 |
0 |
|a ARTIFICIAL NEURAL NETWORK CONTROL DESIGN FOR CONTINUOUS FLOW STIRRED TANK REACTOR
|c Vladimír Popardovský
|
| 773 |
0 |
|
|t New trends in design of control systems
|d Bratislava : Slovak University of Technology], 1997
|g S. 393-396
|z 8022709743
|
| 958 |
|
|
|a OND
|
| 958 |
|
|
|a article11
|
| 958 |
|
|
|a chapter
|
| 999 |
|
|
|c 1311512
|d 1313442
|